00992nam a2200241u 450000100060000000300080000600500170001400800410003103500190007204000240009104100080011508200200012310000600014324501010020325000130030426000330031730000260035065000370037694200120041399900170042595201550044295201530059735581BD-RjUL20211209052339.0140525s1956 enk 000 0 eng d a(BD-RjUL)35676 aDLCcCarPdDLCbeng aeng a519.5bKEE 19681 aKendall, Maurice G.q(Maurice George),d1907-1983.916810aExercises in theoretical statistics :bWith Answers and Hints on Solutions /cMaurice G Kendall a3rd. ed. aLondon :bC. Griffin,c1968. avii, 179 p. ;c23 cm. 0aMathematical statistics.9107954 2ddccBK c35581d35581 00102ddc40718NFICaRUCLbRUCLcReadingd1982-06-29eBaladesh Book House Daccag275.00l0o519.5 KEE 1968r2014-05-28 00:00:00tC-1w2014-05-28yBK 00102ddc40708NFICaRUCLbRUCLcStackd1982-06-29eBaladesh Book House Daccag275.00l0o519.5 KEE 1968r2014-05-28 00:00:00tC-2w2014-05-28yBK